Wilson's dictionary of Bible types. (Record no. 6761)

MARC details
000 -LEADER
fixed length control field 00733cam a22002411 4500
001 - CONTROL NUMBER
control field 749155
003 - CONTROL NUMBER IDENTIFIER
control field GBCCL
005 - DATE AND TIME OF LATEST TRANSACTION
control field 20241126110611.0
008 - FIXED-LENGTH DATA ELEMENTS--GENERAL INFORMATION
fixed length control field 771130s1957 miu d 000 0 eng
010 ## -
-- 57014495
040 ## - CATALOGING SOURCE
Original cataloging agency DLC
Transcribing agency MBU-T
Modifying agency DLC
050 00 -
-- BS477
-- .W53
082 00 - DEWEY DECIMAL CLASSIFICATION NUMBER
Classification number 220.3
Item number WIL
100 1# - MAIN ENTRY--PERSONAL NAME
Personal name Wilson, Walter L.
Fuller form of name (Walter Lewis),
Dates associated with a name 1881-1969.
9 (RLIN) 10515
245 00 - TITLE STATEMENT
Title Wilson's dictionary of Bible types.
260 ## - PUBLICATION, DISTRIBUTION, ETC.
Place of publication, distribution, etc. Grand Rapids,
Name of publisher, distributor, etc. Eerdmans
Date of publication, distribution, etc. [c1957]
300 ## - PHYSICAL DESCRIPTION
Extent 519 p.
Dimensions 23 cm.
650 #0 - SUBJECT ADDED ENTRY--TOPICAL TERM
Topical term or geographic name entry element Symbolism in the Bible
Form subdivision Dictionaries.
9 (RLIN) 9772
650 #0 - SUBJECT ADDED ENTRY--TOPICAL TERM
Topical term or geographic name entry element Typology (Theology)
Form subdivision Dictionaries.
9 (RLIN) 12083
740 ## -
-- Dictionary of Bible types.
906 ## - LOCAL DATA ELEMENT F, LDF (RLIN)
a 7
b cbc
c orignew
d u
e ocip
f 19
g y-gencatlg
942 ## - ADDED ENTRY ELEMENTS (KOHA)
Source of classification or shelving scheme Dewey Decimal Classification
Koha item type Reference Books
Holdings
Withdrawn status Lost status Source of classification or shelving scheme Damaged status Not for loan Home library Current Library Shelving location Date acquired Total checkouts Full call number Barcode Date last seen Copy number Price effective from Koha item type
    Dewey Decimal Classification     GRACE BIBLE COLLEGE GRACE BIBLE COLLEGE Dictionary 2018-06-08   220.3 WIL 006132 2025-05-01 c.1 2018-06-08 Reference Books
© Grace Bible College Library 2025